Ordenanza para la conservación y policía de las carreteras generales aprobada por S.A. el Regente del Reino en 14 de setiembre de 1842
Descripción Física:
15 p. ; 19 cm
Materias:
Carreteres -- Manteniment i reparació
MARC
| LEADER | 00000nam a2200000Ia 4500 | ||
|---|---|---|---|
| 001 | 12298 | ||
| 008 | 160829s1842] xx 000 0 cat d | ||
| 080 | |a RF-1-61 | ||
| 100 | |a Espanya. Lleis, etc. |9 23269 | ||
| 245 | |a Ordenanza para la conservación y policía de las carreteras generales aprobada por S.A. el Regente del Reino en 14 de setiembre de 1842 | ||
| 260 | |a [s.l. : |b s.n., |c 1842] | ||
| 300 | |a 15 p. ; |c 19 cm | ||
| 590 | |a Prové de 887. | ||
| 590 | |a Exemplar signat per Pedro Miranda. | ||
| 590 | |a Hi ha dos duplicats a 938, exp. 1 signats per Josep Ma. Casanova. | ||
| 590 | |a El títol varia en els duplicats: Ordenanza para la conservación y policía de las carreteras generales, aprobada por Real Orden 14 de setiembre de 1842. | ||
| 590 | |a Hi ha dos exemplars més a 938, exp. 20 | ||
| 650 | 0 | |a Carreteres |x Manteniment i reparació |9 40240 | |
| 856 | 4 | |u https://media.diba.cat/diba/fitxers/arxiu/fulletons/bib_12298_1842_baixa.pdf |y Accés lliure | |
| 856 | 4 | |u https://media.diba.cat/diba/fitxers/arxiu/fulletons/bib_12298_1842_baixa.pdf |y Accés lliure | |
| 901 | |a Arxiu | ||
| 942 | |n 1 |2 udc | ||
| 952 | |0 0 |1 0 |4 0 |6 RF161 |7 1 |9 54644 |a Arxiu |b Arxiu |d 2016-12-01 |l 0 |o RF-1-61 |p 12298 |r 2016-12-01 00:00:00 |w 2016-12-01 |y ARXIU | ||
| 999 | |c 58513 |d 58513 | ||
| 900 | |a bib_12298_1842_baixa.pdf | ||